| 000 | 00829cab a2200217 4500 | ||
|---|---|---|---|
| 001 | WB2809-27 | ||
| 008 | 090401t1992 xxu||||| |||| 00| 0 eng d | ||
| 035 | _a(Sirsi) u44126 | ||
| 041 | _aeng | ||
| 245 | _aWithout prejudice not valid | ||
| 260 | _c1992 | ||
| 350 | _a0 | ||
| 490 |
_aChartered Surveyor Weekly _v38(8) 27 February 1992, 71(1) |
||
| 520 | _aIn "McDowall v Hirschfield Lipson & Rumney and another" QBD 6 February 1992, where the key issue raised the severance of a joint tenancy before one of the tenant`s death, it was held that making correspondence without prejudice is not always defence to exclude it from evidence. | ||
| 650 | _aJOINT TENANCIES | ||
| 650 |
_aLANDLORD AND TENANT _96252 |
||
| 650 | _aWITHOUT PREJUDICE CORRESPONDENCE | ||
| 690 | _aLAW-CASE LAW | ||
| 942 | _n0 | ||
| 948 | _c04/03/1997 | ||
| 999 |
_c28133 _d28133 |
||